[Event "American Cont Blitz 2025"]
[Site "Foz do Iguacu BRA"]
[Date "2025.05.30"]
[Round "1.1"]
[White "Lima, Darcy"]
[Black "Martinez Alcantara, Jose Eduardo"]
[Result "0-1"]
[WhiteTitle "GM"]
[BlackTitle "GM"]
[WhiteElo "2380"]
[BlackElo "2611"]
[WhiteFideId "2100045"]
[BlackFideId "3805662"]
[EventDate "2025.05.30"]

1. c4 c5 2. Nf3 Nc6 3. g3 g6 4. Bg2 Bg7 5. Nc3 d6 6. d3 e6 7. O-O Nge7 8. Bd2
O-O 9. a3 a5 10. Rb1 h6 11. h4 d5 12. Qc1 Kh7 13. Rd1 b6 14. Bf4 Ra7 15. cxd5
exd5 16. d4 c4 17. e4 Be6 18. Ne5 Nxe5 19. dxe5 d4 20. Nb5 Rd7 21. Nd6 d3 22. b3
cxb3 23. Rxd3 a4 24. Qd2 Qa8 25. Rd4 Rc7 26. Qd3 Rc2 27. Qb5 Qc6 28. Qxc6 Nxc6
29. Rxa4 Nxe5 30. Rb4 Nd3 31. Rxb6 Nxf4 32. gxf4 Bd4 33. Rb4 Bxf2+ 34. Kh1 Bc5
35. e5 Bxb4 36. axb4 b2 37. Kh2 Ba2 0-1

[Event "American Cont Blitz 2025"]
[Site "Foz do Iguacu BRA"]
[Date "2025.05.30"]
[Round "1.2"]
[White "Garcia Pantoja, Roberto"]
[Black "Perez Gormaz, Matias"]
[Result "1-0"]
[WhiteTitle "GM"]
[BlackTitle "IM"]
[WhiteElo "2531"]
[BlackElo "2408"]
[WhiteFideId "3509265"]
[BlackFideId "3406342"]
[EventDate "2025.05.30"]

1. e4 c6 2. d4 d5 3. e5 c5 4. dxc5 e6 5. Nf3 Bxc5 6. Bd3 f6 7. O-O Nc6 8. exf6
Nxf6 9. c4 O-O 10. Nc3 Ne7 11. Bg5 h6 12. Bf4 Bd7 13. Ne5 Be8 14. Rc1 Rc8 15.
Qd2 Bd6 16. Rfe1 Bxe5 17. Bxe5 dxc4 18. Bd6 cxd3 19. Rxe6 Rf7 20. Qxd3 Bd7 21.
Re2 Bf5 22. Qg3 Bh7 23. Be5 Nf5 24. Qf4 Nd5 25. Nxd5 Rxc1+ 26. Qxc1 Qxd5 27. b3
Bg6 28. f4 Kh7 29. Rd2 Qc6 30. Qd1 Qb6+ 31. Kh1 Ne3 32. Qf3 Nf5 33. h3 Nh4 34.
Qd5 Qc6 35. Qxc6 bxc6 36. Kh2 Be4 37. Re2 Bd5 38. g4 Nf3+ 39. Kg3 g5 40. fxg5
hxg5 41. Bc3 Kg6 42. Re8 Rd7 43. Ra8 Re7 44. Rb8 Kh7 45. Rh8+ Kg6 46. Rd8 Re3
47. Bb4 Rd3 48. Bc5 a6 49. Rd6+ Kf7 50. Kf2 Rd2+ 51. Ke3 Rxa2 52. Rd7+ Ke6 53.
Rd6+ Kf7 54. b4 a5 55. Rd7+ Ke6 56. Rd6+ Ke5 57. Rg6 Ra3+ 58. Kf2 Ra2+ 59. Ke3
axb4 60. Bd6# 1-0

[Event "American Cont Blitz 2025"]
[Site "Foz do Iguacu BRA"]
[Date "2025.05.30"]
[Round "1.3"]
[White "Rodrigues, Edgar"]
[Black "Quesada Perez, Luis Ernesto"]
[Result "0-1"]
[WhiteTitle "FM"]
[BlackTitle "GM"]
[WhiteElo "2245"]
[BlackElo "2546"]
[WhiteFideId "2107090"]
[BlackFideId "3520773"]
[EventDate "2025.05.30"]

1. e4 d6 2. d4 Nf6 3. Nc3 g6 4. Be3 a6 5. f3 b5 6. Qd2 Nbd7 7. g4 Nb6 8. h4 h5
9. g5 Nfd7 10. Nh3 Bg7 11. Nf4 Bb7 12. a4 b4 13. Na2 a5 14. b3 c5 15. O-O-O Rc8
16. dxc5 Nxc5 17. Kb1 O-O 18. Bh3 Nbd7 19. Nc1 Qc7 20. Ncd3 Nxd3 21. Nxd3 e6 22.
Rh2 Rfd8 23. Nb2 Ne5 24. Rf2 d5 25. exd5 Rxd5 26. Qe2 Rxd1+ 27. Nxd1 Bxf3 28.
Qd2 Rd8 0-1

[Event "American Cont Blitz 2025"]
[Site "Foz do Iguacu BRA"]
[Date "2025.05.30"]
[Round "1.4"]
[White "Fier, Alexandr"]
[Black "Muniz, Francisco Allysson da S."]
[Result "1-0"]
[WhiteTitle "GM"]
[WhiteElo "2556"]
[BlackElo "2197"]
[WhiteFideId "2107139"]
[BlackFideId "2184753"]
[EventDate "2025.05.30"]

1. d4 d5 2. Bg5 Nd7 3. Nf3 Ngf6 4. e3 e6 5. c4 Be7 6. Nc3 O-O 7. cxd5 exd5 8.
Bd3 c6 9. Qc2 h6 10. Bh4 Re8 11. O-O Ne4 12. Bxe7 Qxe7 13. Bxe4 dxe4 14. Nd2 f5
15. Rab1 a5 16. Na4 Qb4 17. a3 Qb5 18. Nc3 Qa6 19. b4 axb4 20. axb4 Nf6 21. b5
cxb5 22. Nxb5 Nd5 23. Nc4 Be6 24. Qb2 Rec8 25. Ne5 Qa2 26. g3 Ra6 27. h4 Rc2 28.
Qxa2 Raxa2 29. Rbe1 Nc3 30. Nxc3 Rxc3 31. Rb1 Bd5 32. Rb5 Bc6 33. Nxc6 bxc6 34.
Rxf5 Ra4 35. Re5 Rc2 36. h5 Kf7 37. Kg2 Kf6 38. g4 Rb4 39. Kg3 Ra4 40. Rb1 Raa2
41. Rf5+ Ke6 42. Rb7 Rc1 43. Rxg7 Rg1+ 44. Kf4 Rxf2+ 45. Kxe4 Rfg2 46. Rg6+ Ke7
47. Rf4 Rg3 48. Rxh6 Rxg4 49. Rxc6 R4g3 50. h6 Rh1 51. d5 Rhh3 52. Re6+ Kd8 53.
Kd4 Rg1 54. Kc5 Ra1 55. e4 Rc3+ 56. Kd4 Rh3 57. Rf7 Ra4+ 58. Ke5 Rh4 59. Kf5 Ra1
60. Kg6 Rg1+ 61. Kh7 Rgg4 62. e5 Rg5 63. d6 Rgh5 64. d7 Rd4 65. Re8+ 1-0

[Event "American Cont Blitz 2025"]
[Site "Foz do Iguacu BRA"]
[Date "2025.05.30"]
[Round "1.5"]
[White "Mayta Aiza, Maveric"]
[Black "Salinas Herrera, Pablo"]
[Result "0-1"]
[WhiteTitle "CM"]
[BlackTitle "GM"]
[WhiteElo "2184"]
[BlackElo "2447"]
[WhiteFideId "3307336"]
[BlackFideId "3407128"]
[EventDate "2025.05.30"]

1. e4 d6 2. d4 Nf6 3. Nc3 g6 4. Bd3 Bg7 5. Nf3 O-O 6. O-O Nc6 7. d5 Nb8 8. h3 c6
9. Re1 Nbd7 10. Bg5 Re8 11. Bc4 Qc7 12. dxc6 bxc6 13. Qd2 Bb7 14. Rad1 a5 15. a3
Rad8 16. Qe2 h6 17. Bh4 Nh5 18. Bb3 Nc5 19. Ba2 Ba6 20. Qe3 Rb8 21. Rb1 e5 22.
g4 Nf4 23. Kh2 Nce6 24. g5 h5 25. Bg3 Kh7 26. Red1 Rbd8 27. Rd2 f6 28. h4 fxg5
29. hxg5 Qe7 30. Bh4 Rf8 31. b4 axb4 32. axb4 Nd4 33. b5 Nxb5 34. Nxb5 Bxb5 35.
c4 Ba6 36. Rb6 Bb7 37. Rdb2 Ba8 38. Ra6 Rf7 39. c5 d5 40. exd5 cxd5 41. c6 Qe6
42. Rc2 Qh3+ 0-1

[Event "American Cont Blitz 2025"]
[Site "Foz do Iguacu BRA"]
[Date "2025.05.30"]
[Round "1.6"]
[White "Tristan, Leonardo"]
[Black "Sanhueza, Cristian"]
[Result "1-0"]
[WhiteTitle "GM"]
[BlackTitle "FM"]
[WhiteElo "2536"]
[BlackElo "2182"]
[WhiteFideId "113816"]
[BlackFideId "116815"]
[EventDate "2025.05.30"]

1. d4 Nf6 2. Nf3 g6 3. Bf4 Bg7 4. e3 O-O 5. Be2 d6 6. O-O Nc6 7. c3 Nd7 8. e4 e5
9. Bg5 Qe8 10. Re1 Nb6 11. Na3 exd4 12. cxd4 Bg4 13. Nb5 Qd7 14. d5 Bxf3 15.
Bxf3 Ne5 16. Be2 a6 17. Nc3 c5 18. f4 Nec4 19. Qb3 Bd4+ 20. Kh1 Bxc3 21. Qxc3
Qa4 22. Bh6 f6 23. b3 Qa5 24. Qxa5 Nxa5 25. Bxf8 Kxf8 26. Rac1 Re8 27. Bf3 Nd7
28. Bg4 Nb8 29. e5 fxe5 30. fxe5 dxe5 31. Rxc5 b6 32. Rc7 Re7 33. Rf1+ Ke8 34.
Rc8# 1-0

[Event "American Cont Blitz 2025"]
[Site "Foz do Iguacu BRA"]
[Date "2025.05.30"]
[Round "1.7"]
[White "Molina Sumoza, Jesus Alberto"]
[Black "Liascovich, Lucas"]
[Result "0-1"]
[WhiteTitle "CM"]
[BlackTitle "IM"]
[WhiteElo "2025"]
[BlackElo "2417"]
[WhiteFideId "3901874"]
[BlackFideId "108634"]
[EventDate "2025.05.30"]

1. e4 e5 2. Nf3 d6 3. d4 Nf6 4. Nc3 Nbd7 5. Bc4 Be7 6. O-O O-O 7. Re1 c6 8. a4
h6 9. h3 Re8 10. Ba2 Bf8 11. Be3 Qc7 12. Qd2 exd4 13. Bxd4 Ne5 14. Qe3 Be6 15.
Bxe6 Rxe6 16. Nxe5 dxe5 17. Bc5 Bxc5 18. Qxc5 b6 19. Qc4 Nh5 20. Nd5 Qd8 21. Ne3
Nf4 22. Kh2 Qh4 23. Qf1 Ng6 24. Nf5 Qf6 25. Rad1 Nf8 26. Qe2 Kh7 27. Kg1 g6 28.
Ne3 h5 29. Nc4 Rae8 30. Rd3 Qe7 31. Red1 Qc5 32. b3 Kg7 33. Nd6 Rb8 34. Qf3 f6
35. Nc4 Re7 36. Rd6 Rf7 37. Qe3 Qxe3 38. Nxe3 Rc8 39. Nc4 h4 40. Rd8 Rxd8 41.
Rxd8 Ne6 42. Rd6 Nd4 43. f3 Nxc2 44. Rxc6 Nd4 45. Rd6 Rc7 46. Nd2 Rc2 47. Nc4
Nxb3 48. Na3 Rc1+ 49. Kh2 Ra1 50. Nb5 Rxa4 51. Rd7+ Kh6 52. Rxa7 Rxa7 53. Nxa7
Nd4 54. Kg1 b5 55. Nc8 b4 56. Nd6 b3 57. Nc4 Kg5 58. Kf2 Kf4 59. Nb2 Kg5 60. Nd3
Ne6 61. Nb2 Nf4 62. Kf1 Kh6 63. Kf2 Kg7 64. g3 0-1

[Event "American Cont Blitz 2025"]
[Site "Foz do Iguacu BRA"]
[Date "2025.05.30"]
[Round "1.8"]
[White "Avila Pavas, Santiago"]
[Black "Caetano, Hugo Zanotti Mendonca"]
[Result "1-0"]
[WhiteTitle "GM"]
[WhiteElo "2469"]
[BlackElo "2144"]
[WhiteFideId "4437128"]
[BlackFideId "2119420"]
[EventDate "2025.05.30"]

1. d4 d5 2. Bf4 Nf6 3. e3 e6 4. Nf3 c5 5. Nbd2 Bd6 6. c3 Bxf4 7. exf4 Nc6 8.
dxc5 a5 9. Nb3 Qc7 10. g3 Ne4 11. a4 O-O 12. Bb5 Ne7 13. O-O Nxc5 14. Nxc5 Qxc5
15. Nd4 Nc6 16. Re1 Bd7 17. Nf3 Rad8 18. Qe2 Rfe8 19. h4 Ne7 20. Bd3 Bc6 21. Nd4
Nf5 22. Nxc6 Qxc6 23. Bb5 Qb6 24. Bxe8 Rxe8 25. Kg2 Rc8 26. Qd3 h5 27. Rab1 Qc6
28. Kg1 Qxa4 29. Ra1 Qb3 30. Rxa5 g6 31. Rb5 Qa4 32. Rxb7 Nd6 33. Rb4 Qa7 34.
Qd4 Qc7 35. Ra1 Ne4 36. Ra7 Qd6 37. Rbb7 Rf8 38. Kg2 Qd8 39. Qb4 Qf6 40. Rb8
Rxb8 41. Qxb8+ Kh7 42. Qf8 1-0

[Event "American Cont Blitz 2025"]
[Site "Foz do Iguacu BRA"]
[Date "2025.05.30"]
[Round "1.9"]
[White "Lima, Stefan Moisei VIeira"]
[Black "Hungaski, Robert"]
[Result "0-1"]
[WhiteTitle "FM"]
[BlackTitle "GM"]
[WhiteElo "2241"]
[BlackElo "2477"]
[WhiteFideId "22782273"]
[BlackFideId "2021030"]
[EventDate "2025.05.30"]

1. d4 e6 2. g3 f5 3. Bg2 Nf6 4. Nf3 Be7 5. O-O O-O 6. c4 d5 7. b3 c6 8. Ba3 Bd7
9. Ne5 Be8 10. Bxe7 Qxe7 11. Nd2 Nbd7 12. Ndf3 Bh5 13. Qc2 Bxf3 14. Nxf3 Ne4 15.
Rad1 Qb4 16. Ne1 Nd6 17. Nd3 Qa3 18. Nf4 Rae8 19. h4 Nf6 20. Kh2 g6 21. Kg1 Re7
22. Rd3 Qa5 23. Re3 Rfe8 24. Rd1 Kg7 25. Red3 Nf7 26. R3d2 h6 27. Qb2 g5 28.
hxg5 hxg5 29. Nd3 Rh8 30. Ne5 Nxe5 31. dxe5 Ng8 32. cxd5 cxd5 33. Rc2 Kg6 34.
Rdc1 Nh6 35. b4 Qb6 36. Rc5 Rd8 37. a4 Rf8 38. a5 Qd8 39. a6 0-1

[Event "American Cont Blitz 2025"]
[Site "Foz do Iguacu BRA"]
[Date "2025.05.30"]
[Round "1.10"]
[White "Ynojosa Aponte, Felix Jose"]
[Black "Giron Chavez, David Emanuel"]
[Result "1-0"]
[WhiteTitle "IM"]
[BlackTitle "FM"]
[WhiteElo "2392"]
[BlackElo "2108"]
[WhiteFideId "3900258"]
[BlackFideId "7300697"]
[EventDate "2025.05.30"]

1. e4 c5 2. c3 e5 3. Nf3 Nc6 4. Bc4 Be7 5. d4 cxd4 6. cxd4 exd4 7. O-O d6 8.
Nxd4 Nf6 9. Nf5 Bxf5 10. exf5 d5 11. Bb3 h6 12. Nc3 d4 13. Ne2 O-O 14. Ng3 Bc5
15. Bf4 Re8 16. Rc1 Bd6 17. Qd2 Bb4 18. Qd3 Bd6 19. Qd2 Bb4 20. Qd3 Bd6 21. Qf3
Ne5 22. Bxe5 Bxe5 23. Qxb7 Qe7 24. Qf3 Qd6 25. Rfd1 Rac8 26. Rxc8 Rxc8 27. h3
Qc6 28. Qd3 a5 29. a4 Qb6 30. Ne2 Rb8 31. Nc1 Bf4 32. Bc4 Bxc1 33. Rxc1 Qxb2 34.
Rd1 Rd8 35. Bb3 Rc8 36. Qb5 Rc1 37. Bxf7+ Kxf7 38. Qxb2 Rxd1+ 39. Kh2 d3 40.
Qb3+ Ke8 1-0

[Event "American Cont Blitz 2025"]
[Site "Foz do Iguacu BRA"]
[Date "2025.05.30"]
[Round "1.11"]
[White "Becker, Rogerio Sperb"]
[Black "Rojas Salas, Steven"]
[Result "0-1"]
[BlackTitle "IM"]
[WhiteElo "2111"]
[BlackElo "2343"]
[WhiteFideId "22767797"]
[BlackFideId "3819434"]
[EventDate "2025.05.30"]

1. c4 e6 2. Nf3 d5 3. g3 Nf6 4. Bg2 dxc4 5. Qa4+ Nbd7 6. Qxc4 a6 7. Qc2 c5 8.
O-O b5 9. d4 Bb7 10. Rd1 Rc8 11. Qb3 Qb6 12. Nc3 Bxf3 13. Bxf3 cxd4 14. Ne4 Nxe4
15. Bxe4 Be7 16. a3 O-O 17. Qd3 Nf6 18. Bf3 Rfd8 19. Bf4 Nd5 20. Bd2 Bf6 21.
Rac1 g6 22. Rxc8 Rxc8 23. Bxd5 exd5 24. Bh6 Qe6 25. Rc1 Rc4 26. Qf3 Bg7 27. Bf4
Qe4 28. Rxc4 bxc4 29. Qg4 h5 30. Qc8+ Kh7 31. Qb7 Qe6 32. a4 c3 33. bxc3 dxc3
34. Qb3 Qxe2 35. Qxd5 c2 36. Qc6 Bb2 37. Qc7 c1=R+ 38. Bxc1 Qd1+ 39. Kg2 Qxc1
40. Qxf7+ Bg7 41. Qf4 Qc6+ 42. Kg1 a5 43. h4 Qc5 44. Kg2 Qb4 0-1

[Event "American Cont Blitz 2025"]
[Site "Foz do Iguacu BRA"]
[Date "2025.05.30"]
[Round "1.12"]
[White "Ticona Rocabado, Licael Roderick"]
[Black "Reyes Zavaleta, Fabian Ricardo"]
[Result "1/2-1/2"]
[WhiteTitle "IM"]
[BlackTitle "FM"]
[WhiteElo "2359"]
[BlackElo "2299"]
[WhiteFideId "3319113"]
[BlackFideId "3844153"]
[EventDate "2025.05.30"]

1. d4 Nf6 2. c4 g6 3. Nc3 d5 4. e3 Bg7 5. Nf3 O-O 6. Be2 c5 7. O-O cxd4 8. exd4
dxc4 9. Bxc4 Bg4 10. h3 Bxf3 11. Qxf3 Nc6 12. Be3 Nxd4 13. Qxb7 Nc2 14. Rad1 Qc8
15. Qxc8 Raxc8 16. Ba6 Nxe3 17. fxe3 Rb8 18. b3 Rfd8 19. Bc4 e6 20. Nb5 Ne4 21.
Nxa7 Rxd1 22. Rxd1 Ra8 23. Rd7 Bh6 24. Kf1 Bxe3 25. Nc6 Rxa2 26. Ne5 Nc3 27. g4
Rf2+ 28. Ke1 Rh2 29. Nxf7 Rh1+ 30. Bf1 Nd5 31. Ne5 Bd4 32. Nf3 Ne3 33. Rxd4 Nxf1
34. Kf2 Rxh3 35. Ng5 Rxb3 36. Kxf1 h6 37. Nxe6 Rb6 38. Nf4 Kg7 39. Rd7+ 1/2-1/2

[Event "American Cont Blitz 2025"]
[Site "Foz do Iguacu BRA"]
[Date "2025.05.30"]
[Round "1.13"]
[White "Reyes Zavaleta, Cristhian Yamil"]
[Black "Campos Gomez, Manuel"]
[Result "0-1"]
[BlackTitle "IM"]
[WhiteElo "2073"]
[BlackElo "2355"]
[WhiteFideId "3844340"]
[BlackFideId "4444710"]
[EventDate "2025.05.30"]

1. d4 Nf6 2. c4 b6 3. Nc3 Bb7 4. Nf3 e6 5. g3 Bb4 6. Bg2 O-O 7. O-O Bxc3 8. bxc3
d6 9. Ba3 c5 10. Nd2 Bxg2 11. Kxg2 Nc6 12. e3 Qd7 13. Qf3 Rac8 14. Rfd1 Na5 15.
Bb2 cxd4 16. cxd4 Nxc4 17. Nxc4 Rxc4 18. e4 d5 19. e5 Ne4 20. Qd3 Rfc8 21. Rac1
Rxc1 22. Rxc1 Rxc1 23. Bxc1 Qc6 24. Bb2 h6 25. h4 Qc4 26. Qxc4 dxc4 27. Kf1 f5 0-1

[Event "American Cont Blitz 2025"]
[Site "Foz do Iguacu BRA"]
[Date "2025.05.30"]
[Round "1.14"]
[White "Baules Rodriguez, Jorge Luis"]
[Black "Dauer, Andre Leonardo"]
[Result "1-0"]
[WhiteTitle "IM"]
[BlackTitle "CM"]
[WhiteElo "2257"]
[BlackElo "2138"]
[WhiteFideId "6600247"]
[BlackFideId "2126915"]
[EventDate "2025.05.30"]

1. d4 e6 2. Nf3 d5 3. c4 c6 4. g3 Bd6 5. Bg2 f5 6. Qc2 Nf6 7. O-O O-O 8. Ne5
Nbd7 9. Bf4 Qe7 10. Nd3 Bxf4 11. Nxf4 g5 12. Nd3 h5 13. Nd2 Ne4 14. f3 Nxd2 1-0

[Event "American Cont Blitz 2025"]
[Site "Foz do Iguacu BRA"]
[Date "2025.05.30"]
[Round "2.1"]
[White "Martinez Alcantara, Jose Eduardo"]
[Black "Avila Pavas, Santiago"]
[Result "0-1"]
[WhiteTitle "GM"]
[BlackTitle "GM"]
[WhiteElo "2611"]
[BlackElo "2469"]
[WhiteFideId "3805662"]
[BlackFideId "4437128"]
[EventDate "2025.05.30"]

1. e4 Nf6 2. e5 Nd5 3. d4 d6 4. Nf3 g6 5. Bc4 Nb6 6. Bb3 Bg7 7. a4 dxe5 8. a5
N6d7 9. dxe5 Nxe5 10. Qxd8+ Kxd8 11. Nxe5 Bxe5 12. O-O c6 13. Re1 Bd6 14. Bxf7
Nd7 15. Nd2 Rf8 16. Ba2 Nc5 17. Nc4 Kc7 18. b4 Na6 19. Nxd6 exd6 20. Re7+ Bd7
21. Bd2 h5 22. c3 Rae8 23. Rg7 Rf6 24. Be3 Kc8 25. Bd4 Rf4 26. Be3 Rf6 27. h3
Nc7 28. Bd4 Rf4 29. Rxg6 Be6 30. Bxe6+ Rxe6 31. Rg8+ Kd7 32. Rg7+ Re7 33. Rxe7+
Kxe7 34. Bxa7 Nb5 35. Be3 Rc4 36. Bd2 Nxc3 37. Bxc3 Rxc3 38. Rb1 h4 39. Rb2 d5
40. Kh2 d4 41. g4 hxg3+ 42. fxg3 d3 43. Rb1 Rc2+ 44. Kg1 d2 45. Rd1 0-1

[Event "American Cont Blitz 2025"]
[Site "Foz do Iguacu BRA"]
[Date "2025.05.30"]
[Round "2.2"]
[White "Hungaski, Robert"]
[Black "Garcia Pantoja, Roberto"]
[Result "0-1"]
[WhiteTitle "GM"]
[BlackTitle "GM"]
[WhiteElo "2477"]
[BlackElo "2531"]
[WhiteFideId "2021030"]
[BlackFideId "3509265"]
[EventDate "2025.05.30"]

1. Nf3 d5 2. d4 Nf6 3. c4 c6 4. cxd5 cxd5 5. Nc3 Nc6 6. Bf4 a6 7. Rc1 Bf5 8. e3
e6 9. Be2 Bd6 10. Bg5 h6 11. Bh4 O-O 12. O-O Be7 13. Bxf6 Bxf6 14. Na4 Be7 15.
Qb3 Na5 16. Qb6 Bd6 17. b4 Nc4 18. Bxc4 dxc4 19. Qxd8 Raxd8 20. Nc5 b5 21. Nb7
Rd7 22. Nxd6 Rxd6 23. Rc3 a5 24. bxa5 Ra8 25. a3 Rxa5 26. Nd2 Bd3 27. Rfc1 Rda6
28. Ra1 b4 29. Rxc4 Bxc4 30. Nxc4 Ra4 0-1

[Event "American Cont Blitz 2025"]
[Site "Foz do Iguacu BRA"]
[Date "2025.05.30"]
[Round "2.3"]
[White "Quesada Perez, Luis Ernesto"]
[Black "Ynojosa Aponte, Felix Jose"]
[Result "1-0"]
[WhiteTitle "GM"]
[BlackTitle "IM"]
[WhiteElo "2546"]
[BlackElo "2392"]
[WhiteFideId "3520773"]
[BlackFideId "3900258"]
[EventDate "2025.05.30"]

1. d4 Nf6 2. c4 e6 3. Nf3 d5 4. Nc3 c6 5. e3 Nbd7 6. Qc2 Be7 7. Bd3 dxc4 8. Bxc4
b5 9. Bd3 Bb7 10. O-O a6 11. a4 Rc8 12. Bd2 c5 13. axb5 Bxf3 14. gxf3 cxd4 15.
exd4 axb5 16. Bxb5 O-O 17. Qd3 Nb6 18. Bf4 Bd6 19. Bg3 Nfd5 20. Ra7 Rc7 21. Rfa1
Rxa7 22. Rxa7 f5 23. Nxd5 Nxd5 24. Rd7 Qg5 25. Rxd6 f4 26. Qe4 Nc7 27. Bd3 Qh6
28. Rc6 fxg3 29. hxg3 Rf7 30. Qe5 Ne8 31. Rxe6 Nf6 32. Re8+ Nxe8 33. Qxe8+ Rf8
34. Bc4+ 1-0

[Event "American Cont Blitz 2025"]
[Site "Foz do Iguacu BRA"]
[Date "2025.05.30"]
[Round "2.4"]
[White "Rojas Salas, Steven"]
[Black "Fier, Alexandr"]
[Result "0-1"]
[WhiteTitle "IM"]
[BlackTitle "GM"]
[WhiteElo "2343"]
[BlackElo "2556"]
[WhiteFideId "3819434"]
[BlackFideId "2107139"]
[EventDate "2025.05.30"]

1. e4 c6 2. d4 d5 3. f3 dxe4 4. fxe4 e5 5. Nf3 Bg4 6. Bc4 Nd7 7. c3 Ngf6 8. Bg5
Qc7 9. Nbd2 Bd6 10. Qc2 O-O 11. O-O Rae8 12. Rae1 Bh5 13. Kh1 b5 14. Bd3 a6 15.
Bh4 c5 16. Bg3 Bg6 17. Qd1 cxd4 18. cxd4 exd4 19. Bh4 Nc5 20. Bb1 Nfxe4 21. Nxe4
Nxe4 22. Qxd4 Bc5 23. Qd5 Qd6 24. Bxe4 Bxe4 25. Qg5 h6 26. Qg4 Bg6 27. Bg3 Qb6
28. Nh4 Bd3 29. Rxe8 Rxe8 30. Re1 Rxe1+ 31. Bxe1 Qe6 32. Qxe6 fxe6 33. Nf3 Be4
34. a3 Bd5 35. Bc3 g5 36. Ne5 Bd6 37. h4 gxh4 38. Kh2 Be7 39. Kh3 Kh7 40. Ng4
Kg6 41. Ne5+ Kf5 42. Nd3 Bg5 43. Nc5 e5 44. Nxa6 e4 45. Nb4 Bb7 46. Nc2 e3 47.
Bd4 e2 48. Bf2 Ke4 49. Ne1 Bc8+ 50. Kh2 Bf4+ 51. Kh1 Bg3 52. Kg1 Be6 53. b4 Bb3
54. Nf3 Kd3 55. Nxh4 Bxh4 56. Bxh4 Kd2 57. g4 e1=Q+ 58. Bxe1+ Kxe1 59. Kg2 Ke2
60. Kg3 Ke3 61. Kh4 Kf4 62. Kh5 Ba4 63. Kxh6 Kxg4 0-1

[Event "American Cont Blitz 2025"]
[Site "Foz do Iguacu BRA"]
[Date "2025.05.30"]
[Round "2.5"]
[White "Salinas Herrera, Pablo"]
[Black "Campos Gomez, Manuel"]
[Result "1-0"]
[WhiteTitle "GM"]
[BlackTitle "IM"]
[WhiteElo "2447"]
[BlackElo "2355"]
[WhiteFideId "3407128"]
[BlackFideId "4444710"]
[EventDate "2025.05.30"]

1. d4 Nf6 2. Nf3 b6 3. Bf4 Bb7 4. e3 e6 5. Nbd2 Bd6 6. Bxd6 cxd6 7. Bd3 d5 8.
O-O d6 9. Re1 Nbd7 10. a4 a6 11. b3 O-O 12. c4 Qe7 13. a5 e5 14. Bf1 e4 15. Ng5
Rfc8 16. Nh3 Qd8 17. axb6 Nxb6 18. Nf4 a5 19. Qb1 g5 20. Nxd5 Nbxd5 21. cxd5
Bxd5 22. Bc4 Bb7 23. Rc1 Qb6 24. Qa2 Qb4 25. Nf1 Bd5 26. Ng3 Re8 27. Qe2 h6 28.
h4 Bxc4 29. bxc4 Reb8 30. hxg5 hxg5 31. Nh5 Nxh5 32. Qxh5 a4 33. Qxg5+ Kf8 34.
c5 dxc5 35. Qh6+ Ke7 36. Rxc5 Qb6 37. Rc6 Qb5 38. Qd6+ Ke8 39. Rc7 1-0

[Event "American Cont Blitz 2025"]
[Site "Foz do Iguacu BRA"]
[Date "2025.05.30"]
[Round "2.6"]
[White "Carcamo, Matias"]
[Black "Tristan, Leonardo"]
[Result "0-1"]
[BlackTitle "GM"]
[WhiteElo "2077"]
[BlackElo "2536"]
[WhiteFideId "115541"]
[BlackFideId "113816"]
[EventDate "2025.05.30"]

1. e4 d5 2. exd5 Qxd5 3. Nc3 Qa5 4. Bc4 Nf6 5. d3 Bg4 6. f3 Bd7 7. Ne2 e6 8. Be3
Nc6 9. a3 O-O-O 10. b4 Qe5 11. Bf4 Qh5 12. g4 Qh3 13. Bg3 Bd6 14. Kf2 Ne5 15.
Nf4 Nexg4+ 16. fxg4 Bxf4 17. Bxf4 Nxg4+ 18. Ke1 Bc6 19. Rg1 Nxh2 20. Bxh2 Qxh2
21. Rf1 Qh4+ 22. Kd2 Qxc4 0-1

[Event "American Cont Blitz 2025"]
[Site "Foz do Iguacu BRA"]
[Date "2025.05.30"]
[Round "2.7"]
[White "Liascovich, Lucas"]
[Black "Baules Rodriguez, Jorge Luis"]
[Result "1-0"]
[WhiteTitle "IM"]
[BlackTitle "IM"]
[WhiteElo "2417"]
[BlackElo "2257"]
[WhiteFideId "108634"]
[BlackFideId "6600247"]
[EventDate "2025.05.30"]

1. d4 Nf6 2. Nf3 g6 3. Bg5 Bg7 4. Nbd2 d5 5. e3 O-O 6. Be2 c5 7. c3 h6 8. Bh4
Nc6 9. O-O Qb6 10. Qb3 cxd4 11. Qxb6 axb6 12. exd4 Ne4 13. Nxe4 dxe4 14. Nd2 f5
15. f4 Nxd4 16. cxd4 Bxd4+ 17. Kh1 Bxb2 18. Rab1 Bc3 19. Bc4+ Kg7 20. Rfd1 e5
21. fxe5 Bxe5 22. Rxb6 g5 23. Bf2 Rd8 24. Rbb1 b5 25. Rxb5 Bf4 26. Rd5 Bb7 27.
Bd4+ Kg6 28. Rxd8 Rxd8 29. Nb3 Be5 30. Be2 Bxd4 31. Rxd4 Rb8 32. Rb4 f4 33. Kg1
e3 34. Bf3 1-0

[Event "American Cont Blitz 2025"]
[Site "Foz do Iguacu BRA"]
[Date "2025.05.30"]
[Round "2.8"]
[White "Lima, Darcy"]
[Black "Ticona Rocabado, Licael Roderick"]
[Result "1-0"]
[WhiteTitle "GM"]
[BlackTitle "IM"]
[WhiteElo "2380"]
[BlackElo "2359"]
[WhiteFideId "2100045"]
[BlackFideId "3319113"]
[EventDate "2025.05.30"]

1. c4 b6 2. d4 Bb7 3. Nc3 e6 4. a3 Nf6 5. Nf3 Be7 6. g3 O-O 7. Bg2 d6 8. d5 e5
9. O-O Nbd7 10. b4 a5 11. Bb2 g6 12. e4 Nh5 13. Ne1 Bg5 14. Nd3 Ba6 15. Nb5 Bh6
16. f4 Bxb5 17. cxb5 axb4 18. Nxb4 exf4 19. Nc6 Qe8 20. g4 Bg7 21. e5 dxe5 22.
gxh5 g5 23. d6 cxd6 24. Qxd6 Kh8 1-0

[Event "American Cont Blitz 2025"]
[Site "Foz do Iguacu BRA"]
[Date "2025.05.30"]
[Round "2.9"]
[White "Reyes Zavaleta, Fabian Ricardo"]
[Black "Rodrigues, Edgar"]
[Result "1-0"]
[WhiteTitle "FM"]
[BlackTitle "FM"]
[WhiteElo "2299"]
[BlackElo "2245"]
[WhiteFideId "3844153"]
[BlackFideId "2107090"]
[EventDate "2025.05.30"]

1. d4 Nf6 2. c4 g6 3. Nc3 Bg7 4. e4 O-O 5. Nf3 d6 6. Be2 c5 7. d5 b5 8. cxb5 a6
9. bxa6 Bxa6 10. O-O Qa5 11. a4 Bxe2 12. Qxe2 Na6 13. Bd2 Rfb8 14. Nb5 Nb4 15.
Bc3 Nd7 16. Bxg7 Kxg7 17. e5 dxe5 18. Nxe5 Nf6 19. Nc6 Nxc6 20. dxc6 e6 21. c7
Rc8 22. Qe5 Qb4 23. Rfe1 Rxa4 24. Rxa4 Qxa4 25. Nd6 Qa8 26. Ne4 1-0